000 00310nam a2200109Ia 4500
008 200302s9999 xx 000 0 und d
100 _aW.Boesiger ed.
245 _aLe corbusier et son atelier de sevres 35 ceuvre complete Vol - 7 - 1957 -65
260 _bBirkhauser Verlag Gmbh
260 _c1995
300 _a239
999 _c7352
_d7352